00438nam a2200169Ia 4500003000400000005001700004008004000021020001800061040000700079041000800086082001800094100002900112245006400141260004100205300001200246440001000258OSt20250801163720.0210210b2012 xxu||||| |||| 00| 0 eng d a9788132107118 cAL aeng a301.0954 KATS aJacob John Kattakayam Ed aStudies in Indian sociologyb: sociology of social movement aLos AngelesbSage Publicationsc2012 aliv,264 nVol 6